[Event "Mittelrhein Verbandsliga-N 18/19"]
[Site "Nordrheinwestfalen"]
[Date "2018.12.16"]
[Round "5.3"]
[White "Krause, Ingo"]
[Black "Classen, Harald"]
[Result "0-1"]
[WhiteElo "1973"]
[BlackElo "2013"]
[PlyCount "62"]
[EventDate "2018.09.02"]
[EventType "team-tourn"]
[EventRounds "12"]
[EventCountry "GER"]
[SourceTitle "EXT 2022"]
[Source "ChessBase"]
[SourceDate "2021.10.06"]
[SourceVersion "1"]
[SourceVersionDate "2021.10.06"]
[SourceQuality "1"]
[WhiteTeam "Baumberg"]
[BlackTeam "Leverkusen SC Bayer"]
[WhiteTeamCountry "GER"]
[BlackTeamCountry "GER"]

1. e4 c5 2. Nf3 e6 3. d4 cxd4 4. Nxd4 a6 5. c4 Nf6 6. Nc3 Qc7 7. Be3 Bb4 8. f3 Bxc3+ 9. bxc3 d6 10. Qd2 0-0 11. g4 Nbd7 12. g5 Nh5 13. f4 Nb6 14. Qe2 Nxf4 15. Bxf4 e5 16. Bg3 exd4 17. cxd4 Qe7 18. Rb1 Nxc4 19. Bg2 b5 20. h4 Be6 21. 0-0 Na3 22. d5 Bd7 23. Rbc1 Nc4 24. Rf4 Rac8 25. Rcf1 Ne5 26. Kh2 Rc4 27. Bh3 Ng6 28. Bxd7 Nxf4 29. Rxf4 Qxd7 30. e5 Rxf4 31. Bxf4 Re8 0-1

[Event "Mittelrhein Verbandsliga-N 18/19"]
[Site "Nordrheinwestfalen"]
[Date "2018.09.02"]
[Round "1.3"]
[White "Loetzerich, Rolf"]
[Black "Classen, Harald"]
[Result "1/2-1/2"]
[WhiteElo "1927"]
[BlackElo "2013"]
[PlyCount "48"]
[EventDate "2018.09.02"]
[EventType "team-tourn"]
[EventRounds "12"]
[EventCountry "GER"]
[SourceTitle "EXT 2022"]
[Source "ChessBase"]
[SourceDate "2021.10.06"]
[SourceVersion "1"]
[SourceVersionDate "2021.10.06"]
[SourceQuality "1"]
[WhiteTeam "Eikamp Freibauer"]
[BlackTeam "Leverkusen SC Bayer"]
[WhiteTeamCountry "GER"]
[BlackTeamCountry "GER"]

1. d4 d5 2. c4 dxc4 3. Nf3 Nf6 4. e3 Bg4 5. Bxc4 e6 6. Nc3 a6 7. 0-0 Nc6 8. h3 Bh5 9. Be2 Bd6 10. Qb3 0-0 11. Rd1 b5 12. a3 Qb8 13. e4 e5 14. d5 Bxf3 15. Bxf3 Nd4 16. Qa2 Nxf3+ 17. gxf3 Nh5 18. Kh2 Qd8 19. b4 Qf6 20. Qe2 Nf4 21. Bxf4 Qxf4+ 22. Kh1 f5 23. Rd3 Qh4 24. Qf1 f4 1/2-1/2

[Event "Mittelrhein Regionalliga 1718"]
[Site "Nordrheinwestfalen"]
[Date "2018.04.15"]
[Round "8.3"]
[White "Classen, Harald"]
[Black "Hennicken, Reinhard"]
[Result "1-0"]
[WhiteElo "1998"]
[BlackElo "1972"]
[PlyCount "73"]
[EventDate "2017.09.10"]
[EventType "team-tourn"]
[EventRounds "9"]
[EventCountry "GER"]
[SourceTitle "EXT 2022"]
[Source "ChessBase"]
[SourceDate "2021.10.06"]
[SourceVersion "1"]
[SourceVersionDate "2021.10.06"]
[SourceQuality "1"]
[WhiteTeam "Leverkusen SC Bayer"]
[BlackTeam "Aachen DJK Aufwärts III"]
[WhiteTeamCountry "GER"]
[BlackTeamCountry "GER"]

1. c4 Nf6 2. Nc3 e5 3. Nf3 d6 4. d4 exd4 5. Nxd4 Be7 6. e4 0-0 7. Be2 Re8 8. 0-0 Nc6 9. Re1 Ne5 10. h3 Bd7 11. Bf1 a6 12. f4 Nc6 13. Nf3 Be6 14. g4 h6 15. b3 Nh7 16. Bb2 Bf6 17. Qd2 Nf8 18. Rad1 a5 19. Qf2 Bd7 20. c5 dxc5 21. e5 Be7 22. f5 b6 23. Nd5 Qc8 24. Bc4 Nd4 25. Nxd4 cxd4 26. Nxe7+ Rxe7 27. Qxd4 c5 28. Qd6 Re8 29. e6 fxe6 30. Qe5 Re7 31. f6 Rf7 32. fxg7 Ng6 33. Qh5 Qb8 34. Re5 Qb7 35. Qxg6 Qf3 36. Qxf7+ Qxf7 37. Rxd7 1-0

[Event "Mittelrhein Regionalliga 1718"]
[Site "Nordrheinwestfalen"]
[Date "2017.11.12"]
[Round "3.4"]
[White "Classen, Harald"]
[Black "Lamprecht, Mark"]
[Result "1/2-1/2"]
[WhiteElo "1998"]
[BlackElo "2195"]
[PlyCount "79"]
[EventDate "2017.09.10"]
[EventType "team-tourn"]
[EventRounds "9"]
[EventCountry "GER"]
[SourceTitle "EXT 2022"]
[Source "ChessBase"]
[SourceDate "2021.10.06"]
[SourceVersion "1"]
[SourceVersionDate "2021.10.06"]
[SourceQuality "1"]
[WhiteTeam "Leverkusen SC Bayer"]
[BlackTeam "Bonn Beuel"]
[WhiteTeamCountry "GER"]
[BlackTeamCountry "GER"]

1. c4 f5 2. Nc3 Nf6 3. d4 g6 4. g3 Bg7 5. Bg2 c6 6. d5 0-0 7. Nf3 d6 8. 0-0 e5 9. dxe6 Bxe6 10. Bf4 Bxc4 11. Bxd6 Re8 12. Ne5 Be6 13. Qd3 Nbd7 14. Nxd7 Qxd7 15. Rad1 Rad8 16. Qc2 Qf7 17. b3 a6 18. Bc5 Nd7 19. Be3 Qf6 20. Na4 g5 21. Bd4 Qh6 22. Bxg7 Qxg7 23. Rd6 Ne5 24. Rfd1 Qe7 25. Qc5 Rxd6 26. Qxd6 Qxd6 27. Rxd6 Nf7 28. Rd4 Rd8 29. Rxd8+ Nxd8 30. Nc5 Bc8 31. b4 Kf7 32. f4 gxf4 33. gxf4 Ne6 34. Nd3 Nd4 35. Kf2 Nc2 36. a4 Be6 37. e4 Ke7 38. Nc5 Bc8 39. Nd3 Be6 40. Nc5 1/2-1/2

[Event "Mittelrhein Verbandsliga-M 16/17"]
[Site "Nordrheinwestfalen"]
[Date "2017.01.08"]
[Round "6.1"]
[White "Karimi, Farhad"]
[Black "Classen, Harald"]
[Result "1-0"]
[WhiteElo "2074"]
[BlackElo "1992"]
[PlyCount "111"]
[EventDate "2016.09.11"]
[EventType "team-tourn"]
[EventRounds "11"]
[EventCountry "GER"]
[SourceTitle "EXT 2022"]
[Source "ChessBase"]
[SourceDate "2021.10.06"]
[SourceVersion "1"]
[SourceVersionDate "2021.10.06"]
[SourceQuality "1"]
[WhiteTeam "Satranc Club"]
[BlackTeam "Leverkusen SC Bayer"]
[WhiteTeamCountry "GER"]
[BlackTeamCountry "GER"]

1. d4 d5 2. Nf3 Nf6 3. e3 e6 4. Bd3 c5 5. b3 Nc6 6. 0-0 Be7 7. Nbd2 0-0 8. Bb2 cxd4 9. exd4 Bd7 10. a3 Qc7 11. Ne5 Be8 12. f4 Qb6 13. Nxc6 Bxc6 14. Qe2 Bd6 15. Kh1 Rfe8 16. Rae1 Qc7 17. Qf3 Rac8 18. Rf2 a6 19. Bc1 Qb6 20. c3 Qc7 21. Bb1 Ne4 22. Bxe4 dxe4 23. Qe3 b5 24. c4 f5 25. Bb2 bxc4 26. bxc4 Bf8 27. Qc3 Rb8 28. Nb3 Ba4 29. Nc5 Bxc5 30. dxc5 Rb3 31. Qc1 Rd3 32. Be5 Qxc5 33. Rb2 Red8 34. Rb8 Rxb8 35. Bxb8 Qxa3 36. Qxa3 Rxa3 37. Be5 Rd3 38. Kg1 e3 39. Kf1 Bd1 40. c5 e2+ 41. Kf2 Rd5 42. c6 Rc5 43. c7 Kf7 44. Rg1 Ke8 45. Ke1 g6 46. g4 fxg4 47. Rxg4 Kd7 48. Rh4 h5 49. Rh3 Bc2 50. Kxe2 Bf5 51. Ra3 Be4 52. Rxa6 Bb7 53. Rb6 Bd5 54. Rd6+ Ke7 55. Rd8 Bc4+ 56. Ke3 1-0

[Event "Mittelrhein Verbandsliga-M 16/17"]
[Site "Nordrheinwestfalen"]
[Date "2016.09.11"]
[Round "1.2"]
[White "Classen, Harald"]
[Black "Hermann, Waldemar"]
[Result "0-1"]
[WhiteElo "1992"]
[BlackElo "1994"]
[PlyCount "120"]
[EventDate "2016.09.11"]
[EventType "team-tourn"]
[EventRounds "11"]
[EventCountry "GER"]
[SourceTitle "EXT 2022"]
[Source "ChessBase"]
[SourceDate "2021.10.06"]
[SourceVersion "1"]
[SourceVersionDate "2021.10.06"]
[SourceQuality "1"]
[WhiteTeam "Leverkusen SC Bayer"]
[BlackTeam "Koeln Muelheim"]
[WhiteTeamCountry "GER"]
[BlackTeamCountry "GER"]

1. c4 e5 2. Nc3 Nc6 3. Nf3 d6 4. d4 exd4 5. Nxd4 Nxd4 6. Qxd4 Nf6 7. g3 Bd7 8. Bg2 Bc6 9. e4 Be7 10. 0-0 0-0 11. b3 Nd7 12. Bb2 Bf6 13. Qd2 a5 14. Rad1 Nc5 15. Rfe1 Qd7 16. Qc2 Rfe8 17. h3 Bxc3 18. Qxc3 f6 19. f3 Qf7 20. Kh2 Qg6 21. a3 Re7 22. Bc1 b6 23. b4 axb4 24. axb4 Nd7 25. Bb2 h5 26. h4 Ne5 27. Qc2 Ba4 28. Qc3 Bxd1 29. Rxd1 Qf7 30. Rd5 Rd8 31. Rd4 Qe8 32. Qb3 Kh7 33. Rd5 c6 34. Rd1 Qf7 35. Bf1 b5 36. Bxe5 fxe5 37. Qc3 bxc4 38. Bxc4 Qf6 39. b5 cxb5 40. Bxb5 Rb7 41. Be2 Rdb8 42. Rd2 Rb3 43. Qc4 R8b4 44. Qd5 Rb2 45. Kg2 Qe7 46. Kh3 Qd7+ 47. Kg2 Qc7 48. Kf2 Qb6+ 49. Kg2 Rxd2 50. Qxd2 Rb2 51. Qd3 Qd4 52. Qxd4 exd4 53. Kf1 g6 54. g4 hxg4 55. fxg4 Kg7 56. g5 Kf8 57. Ke1 d3 58. Bxd3 Rh2 59. e5 dxe5 60. Bxg6 Rxh4 0-1

[Event "Goch op 10th"]
[Site "Goch"]
[Date "1999.10.17"]
[Round "6.17"]
[White "Classen, Harald"]
[Black "Reimche, Vadim"]
[Result "1-0"]
[WhiteElo "2211"]
[BlackElo "2086"]
[PlyCount "33"]
[EventDate "1999.10.14"]
[EventType "swiss"]
[EventRounds "7"]
[EventCountry "GER"]
[SourceTitle "EXT 2002"]
[Source "ChessBase"]
[SourceDate "2001.11.25"]
[SourceVersion "1"]
[SourceVersionDate "2001.11.25"]
[SourceQuality "1"]

1. e4 c5 2. c3 g6 3. d4 cxd4 4. cxd4 Bg7 5. Nc3 b6 6. Nf3 Bb7 7. Bc4 a6 8. a3 Qc7 9. Ba2 e6 10. 0-0 Ne7 11. Bg5 d6 12. Rc1 Qd8 13. Re1 h6 14. Bxe7 Kxe7 15. e5 Bxf3 16. Qxf3 dxe5 17. Qxa8 1-0

[Event "Goch op 10th"]
[Site "Goch"]
[Date "1999.10.17"]
[Round "7.14"]
[White "Wellner, Emil"]
[Black "Classen, Harald"]
[Result "1/2-1/2"]
[WhiteElo "2052"]
[BlackElo "2211"]
[PlyCount "54"]
[EventDate "1999.10.14"]
[EventType "swiss"]
[EventRounds "7"]
[EventCountry "GER"]
[SourceTitle "EXT 2002"]
[Source "ChessBase"]
[SourceDate "2001.11.25"]
[SourceVersion "1"]
[SourceVersionDate "2001.11.25"]
[SourceQuality "1"]

1. d4 f5 2. Nc3 d5 3. Bf4 c6 4. Nf3 Nf6 5. e3 g6 6. Bd3 Bg7 7. h4 h6 8. Ne5 Qb6 9. Rb1 Be6 10. Nxg6 Rg8 11. Bxb8 Rxb8 12. Nf4 Bd7 13. 0-0 Qb4 14. a3 Qd6 15. b4 a6 16. Na4 Ng4 17. g3 Bf6 18. Kh1 e6 19. Nc5 Qe7 20. Ng2 Qg7 21. Qf3 Bc8 22. Nf4 Qf7 23. c4 e5 24. dxe5 Nxe5 25. Qh5 Nxd3 26. Qxf7+ Kxf7 27. Nfxd3 dxc4 1/2-1/2

[Event "Oberstdorf Tiefenbach op"]
[Site "Oberstdorf"]
[Date "1999.??.??"]
[Round "?"]
[White "Zunker, Reinhard"]
[Black "Classen, Harald"]
[Result "1-0"]
[WhiteElo "2205"]
[BlackElo "1815"]
[PlyCount "39"]
[EventDate "1999.??.??"]
[EventType "swiss"]
[EventRounds "9"]
[EventCountry "GER"]
[SourceTitle "EXT 2001"]
[Source "ChessBase"]
[SourceDate "2000.11.22"]
[SourceVersion "1"]
[SourceVersionDate "2000.11.22"]
[SourceQuality "1"]

1. e4 e5 2. Nf3 Nc6 3. c3 d5 4. Qa4 dxe4 5. Nxe5 Bd7 6. Nxd7 Qxd7 7. Qxe4+ Nge7 8. d4 0-0-0 9. Bc4 Nf5 10. 0-0 Nd6 11. Qd3 Nxc4 12. Qxc4 Bd6 13. Nd2 Rhe8 14. Nf3 Re4 15. Bd2 Rg4 16. Qd3 Kb8 17. h3 h5 18. hxg4 hxg4 19. Nh4 g6 20. Rfe1 1-0

[Event "Leverkusen Bayer op 2nd"]
[Site "Leverkusen"]
[Date "1997.10.02"]
[Round "1"]
[White "Classen, Harald"]
[Black "Mainka, Romuald"]
[Result "0-1"]
[WhiteElo "1981"]
[BlackElo "2520"]
[PlyCount "66"]
[EventDate "1997.10.??"]
[EventType "swiss"]
[EventRounds "7"]
[EventCountry "GER"]
[SourceTitle "CBM 060 Extra"]
[Source "ChessBase"]
[SourceDate "1997.11.04"]
[SourceVersion "1"]
[SourceVersionDate "1997.11.04"]
[SourceQuality "1"]

1. e4 c5 2. c3 Nf6 3. e5 Nd5 4. Nf3 Nc6 5. Bc4 Nb6 6. Bb3 c4 7. Bc2 g5 8. Nxg5 Nxe5 9. f4 Ng6 10. Qh5 Bg7 11. f5 Ne5 12. 0-0 Nd5 13. Na3 Qc7 14. Kh1 Nf6 15. Qh4 b6 16. Nb5 Qc5 17. Nd4 Bb7 18. Re1 0-0-0 19. Ne4 Nxe4 20. Bxe4 Bf6 21. Bxb7+ Kxb7 22. Qe4+ d5 23. Qe3 Nd3 24. Rf1 Rhg8 25. b3 Rg4 26. Nc2 Qc6 27. Nd4 Bxd4 28. cxd4 Re4 29. Qg1 Re2 30. Ba3 Rg8 31. g3 Qh6 32. Rad1 Qh5 33. Rb1 Qg4 0-1

[Event "Goch op 07th"]
[Site "Goch"]
[Date "1996.10.18"]
[Round "2"]
[White "Classen, Harald"]
[Black "Esser, Norbert"]
[Result "0-1"]
[WhiteElo "1997"]
[BlackElo "2222"]
[PlyCount "83"]
[EventDate "1996.10.17"]
[EventType "swiss"]
[EventRounds "7"]
[EventCountry "GER"]
[SourceTitle "EXT 2000"]
[Source "ChessBase"]
[SourceDate "1999.11.16"]
[SourceVersion "1"]
[SourceVersionDate "1999.11.16"]
[SourceQuality "1"]

1. e4 Nc6 2. Nf3 Nf6 3. Nc3 e5 4. Bb5 Bb4 5. 0-0 0-0 6. d3 d6 7. Bg5 Bxc3 8. bxc3 Qe7 9. Re1 Nd8 10. d4 Ne6 11. Bc1 c5 12. Bf1 Rd8 13. d5 Nf8 14. h3 Ng6 15. g3 h6 16. Bg2 Bd7 17. Nh2 Nh7 18. Ng4 h5 19. Ne3 h4 20. Nf5 Qf6 21. Qh5 hxg3 22. fxg3 Ne7 23. Nh4 g6 24. Qe2 Qg7 25. g4 f5 26. gxf5 gxf5 27. exf5 Nxf5 28. Nxf5 Bxf5 29. Kh2 Kh8 30. Rg1 Rg8 31. Qf2 Raf8 32. Qh4 Rf6 33. Be3 Rg6 34. Be4 Bxe4 35. Qxe4 Nf6 36. Qxg6 Qxg6 37. Rxg6 Rxg6 38. c4 Nd7 39. Rf1 Kg8 40. h4 Nb6 41. Kh3 Nxc4 42. Bg5 0-1

[Event "Duesseldorf Nord Cup 2nd"]
[Site "Duesseldorf"]
[Date "1996.??.??"]
[Round "4"]
[White "Jahr, Ulrich"]
[Black "Classen, Harald"]
[Result "1/2-1/2"]
[WhiteElo "2150"]
[BlackElo "1965"]
[PlyCount "80"]
[EventDate "1996.??.??"]
[EventType "swiss"]
[EventRounds "7"]
[EventCountry "GER"]
[SourceTitle "EXT 1999"]
[Source "ChessBase"]
[SourceDate "1998.11.16"]
[SourceVersion "1"]
[SourceVersionDate "1998.11.16"]
[SourceQuality "1"]

1. e4 d5 2. exd5 Nf6 3. Bb5+ Bd7 4. Qe2 Nxd5 5. Nc3 Nb6 6. Nf3 Bxb5 7. Nxb5 Nc6 8. 0-0 a6 9. Nc3 e6 10. d3 Be7 11. Ne4 Nd5 12. c3 0-0 13. d4 Nf6 14. Bf4 Rc8 15. Rfe1 Re8 16. Rad1 Qd5 17. Nxf6+ Bxf6 18. b3 Qh5 19. c4 h6 20. d5 exd5 21. Qxe8+ Rxe8 22. Rxe8+ Kh7 23. Rxd5 Qg6 24. h4 Qb1+ 25. Kh2 Qxa2 26. Re3 a5 27. h5 a4 28. Rd2 Qb1 29. bxa4 Qf5 30. Bxc7 Qxh5+ 31. Kg1 Qg4 32. c5 Qxa4 33. Bd6 Qc4 34. Kh2 g5 35. g3 g4 36. Be5 Be7 37. Bd6 gxf3 38. Bxe7 Nxe7 39. Rxe7 Kg7 40. Rdd7 Qa2 1/2-1/2

[Event "Oberliga NRW 8990 I"]
[Site "Germany"]
[Date "1990.??.??"]
[Round "2"]
[White "Skolarski, Hans Georg"]
[Black "Classen, Harald"]
[Result "1-0"]
[WhiteElo "2240"]
[BlackElo "2015"]
[PlyCount "83"]
[EventDate "1989.10.??"]
[EventType "team-tourn"]
[EventRounds "9"]
[EventCountry "GER"]
[SourceTitle "EXT 1997"]
[Source "ChessBase"]
[SourceDate "1996.11.15"]
[SourceVersion "1"]
[SourceVersionDate "1996.11.15"]
[SourceQuality "1"]
[WhiteTeam "Bottrop"]
[BlackTeam "Stolberg"]
[WhiteTeamCountry "GER"]
[BlackTeamCountry "GER"]

1. d4 Nf6 2. Nf3 g6 3. Bf4 Bg7 4. Nc3 d5 5. Qd2 Bf5 6. Ne5 Nbd7 7. f3 c6 8. 0-0-0 Nxe5 9. Bxe5 Be6 10. Kb1 0-0 11. h4 h6 12. g4 Nd7 13. Bf4 Kh7 14. e3 Nb6 15. Bd3 Nc4 16. Qc1 Kh8 17. e4 dxe4 18. Bxc4 Bxc4 19. Bxh6 f6 20. fxe4 Qa5 21. Bxg7+ Kxg7 22. Qe3 b5 23. b3 Be6 24. h5 g5 25. e5 Rae8 26. Ne4 Bd5 27. Rhf1 Kh8 28. Nc5 Qc7 29. Rde1 Bf7 30. Qd2 Qd8 31. e6 Bg8 32. Nd7 Bh7 33. Nxf8 Rxf8 34. Qb4 Re8 35. Qc5 Qb8 36. Rc1 Qb7 37. Kb2 Rd8 38. c4 bxc4 39. Qxc4 Qb6 40. Qc5 Qa6 41. Qxe7 Qe2+ 42. Ka1 1-0

[Event "Oberliga NRW 8990 I"]
[Site "Germany"]
[Date "1989.??.??"]
[Round "2"]
[White "Classen, Harald"]
[Black "Oeljeklaus, Karl"]
[Result "1/2-1/2"]
[WhiteElo "2015"]
[BlackElo "2150"]
[PlyCount "34"]
[EventDate "1989.10.??"]
[EventType "team-tourn"]
[EventRounds "9"]
[EventCountry "GER"]
[SourceTitle "EXT 1997"]
[Source "ChessBase"]
[SourceDate "1996.11.15"]
[SourceVersion "1"]
[SourceVersionDate "1996.11.15"]
[SourceQuality "1"]
[WhiteTeam "Stolberg"]
[BlackTeam "Lengerich"]
[WhiteTeamCountry "GER"]
[BlackTeamCountry "GER"]

1. c4 c5 2. Nc3 Nc6 3. Nf3 g6 4. e3 Bg7 5. d4 Nf6 6. dxc5 Qa5 7. Nd2 Qxc5 8. Nb3 Qb6 9. e4 0-0 10. Be3 Qd8 11. Be2 d6 12. 0-0 Be6 13. f3 a5 14. Nd4 Nxd4 15. Bxd4 Nd7 16. Bxg7 Kxg7 17. Qd4+ Kg8 1/2-1/2

[Event "Oberliga NRW 8889 I"]
[Site "Germany"]
[Date "1989.??.??"]
[Round "1"]
[White "Freckmann, Mark"]
[Black "Classen, Harald"]
[Result "1-0"]
[WhiteElo "2120"]
[BlackElo "2045"]
[PlyCount "73"]
[EventDate "1988.10.??"]
[EventType "team-tourn"]
[EventRounds "9"]
[EventCountry "GER"]
[SourceTitle "EXT 1997"]
[Source "ChessBase"]
[SourceDate "1996.11.15"]
[SourceVersion "1"]
[SourceVersionDate "1996.11.15"]
[SourceQuality "1"]
[WhiteTeam "Neheim"]
[BlackTeam "Stolberg"]
[WhiteTeamCountry "GER"]
[BlackTeamCountry "GER"]

1. d4 c5 2. c3 e6 3. Nf3 Nf6 4. e3 b6 5. Bd3 Bb7 6. Nbd2 Nc6 7. 0-0 Qc7 8. Re1 Be7 9. a3 d5 10. e4 dxe4 11. Nxe4 cxd4 12. cxd4 Nxe4 13. Rxe4 0-0-0 14. Qa4 Kb8 15. Re2 Rd5 16. Be3 Qd6 17. Rd1 Bf6 18. Be4 Ra5 19. Qc2 Rc8 20. Qd2 Ka8 21. Bf4 Qd8 22. d5 exd5 23. Bf5 d4 24. Bxc8 Qxc8 25. Rde1 Rd5 26. Re8 Rd8 27. Rxd8 Qxd8 28. Qe2 a6 29. Qe8 Qxe8 30. Rxe8+ Ka7 31. Bg5 d3 32. Bxf6 gxf6 33. Re3 Ne5 34. Nxe5 fxe5 35. Rxd3 Bc6 36. Rh3 Be4 37. Re3 1-0

[Event "Oberliga NRW 8889 I"]
[Site "Germany"]
[Date "1988.??.??"]
[Round "2"]
[White "Classen, Harald"]
[Black "Beckmann, Klaus"]
[Result "1/2-1/2"]
[WhiteElo "2045"]
[BlackElo "2205"]
[PlyCount "103"]
[EventDate "1988.10.??"]
[EventType "team-tourn"]
[EventRounds "9"]
[EventCountry "GER"]
[SourceTitle "EXT 1997"]
[Source "ChessBase"]
[SourceDate "1996.11.15"]
[SourceVersion "1"]
[SourceVersionDate "1996.11.15"]
[SourceQuality "1"]
[WhiteTeam "Stolberg"]
[BlackTeam "Recklinghausen"]
[WhiteTeamCountry "GER"]
[BlackTeamCountry "GER"]

1. c4 Nf6 2. Nc3 g6 3. d4 Bg7 4. e4 0-0 5. h3 d6 6. Be3 e5 7. d5 Na6 8. g4 Nc5 9. Bg2 a5 10. Nge2 c6 11. Ng3 cxd5 12. exd5 Qb6 13. 0-0 Nfd7 14. Qc2 Qd8 15. Nce4 Qc7 16. g5 Rb8 17. Rac1 b6 18. b3 f5 19. gxf6 Nxf6 20. Ng5 Qe7 21. f4 Bh6 22. Rce1 Bd7 23. fxe5 Qxe5 24. Bf4 Qd4+ 25. Be3 Qh4 26. N5e4 Bxe3+ 27. Rxe3 Nfxe4 28. Rxf8+ Rxf8 29. Nxe4 Bf5 30. Qf2 Qd8 31. Qg3 Bxe4 32. Bxe4 Qf6 33. Bg2 Qd4 34. Kh2 Rf4 35. Re8+ Kf7 36. Qe1 Kg7 37. Qe7+ Rf7 38. Qg5 Nd7 39. Re7 Nf6 40. Rxf7+ Kxf7 41. Qg3 Qe5 42. Qxe5 dxe5 43. Kg3 Ke7 44. a3 Kd6 45. b4 g5 46. Kf2 e4 47. Ke3 Ke5 48. Bf1 axb4 49. axb4 b5 50. Be2 bxc4 51. Bxc4 h5 52. b5 1/2-1/2